<The> amir of humanity <a> lifetime of compassion
Saved in:
| Main Author: | |
|---|---|
| Format: | Book |
| Language: | English |
| Published: |
London
London Wall Publishing
2017
|
| Subjects: | |
| Tags: |
No Tags, Be the first to tag this record!
|
MARC
| LEADER | 00000nam a2200000 4500 | ||
|---|---|---|---|
| 001 | 0230079 | ||
| 005 | 20221107100814.9 | ||
| 020 | |a 978-0-9955667-3-6 | ||
| 041 | 0 | |a eng | |
| 044 | |a GB | ||
| 245 | 1 | 0 | |a <The> amir of humanity |b <a> lifetime of compassion |c by Andrew White |
| 264 | 1 | |a London |b London Wall Publishing |c 2017 | |
| 300 | |a 137 s. | ||
| 610 | 2 | 0 | |a vzťahy medzinárodné |
| 610 | 2 | 0 | |a politika medzinárodná |
| 610 | 2 | 0 | |a konflikty medzinárodné |
| 610 | 2 | 0 | |a pomoc humanitárna |
| 610 | 2 | 0 | |a lídri |
| 610 | 2 | 0 | |a Kuvajt |
| 100 | 1 | |a White, Andrew | |